Urban Public Economics Review

Bibliographic Details
Format: eBook
Language:Spanish
Published: Espaą Asociacion de Economia Publica Urbana 2009
Subjects:
Online Access:Acceso restringido

MARC

LEADER 00000nam a22000007a 4500
005 20151203124819.0
007 cr|||| ||u|
008 151203s20099999sp a||pso|||| 0||| 1spa d
022 |a 1697-6223  
035 |a 5205 
040 |a vLex 
090 |c 5728  |d 5728 
245 1 0 |a Urban Public Economics Review  |h [Recurso electrn̤ico] /  |c Asociacion de Economia Publica Urbana  
256 |a Servicio en ln̕ea  
260 |a Espaą  |b Asociacion de Economia Publica Urbana   |c 2009 
300 |a 1 recurso electrn̤ico (eISSN: 2340-4450) 
506 1 |a Contenido solo disponible en los productos indicados  |d vLex Global  |d vLex Global (Academic Edition, excluding Law Schools)  |d vLex Global (U.S. Academic Edition, Law Schools)  |d vLex Global (U.S. Academic Edition, excluding Law Schools)  |d vLex Global (Academic Edition, Law Schools) 
650 0 4 |a Economia   |z Espaą  
740 0 |a vLex revista (servicio en ln̕ea) 
856 4 0 |u http://vlex.com/source/urban-public-economics-review-5205  |z Acceso restringido  
942 |c REV 
999 0 |a Economics